书目信息 |
| 题名: |
Python程序设计
|
|
| 作者: | 肖朝晖 , 李春忠 , 李海强 主编 | |
| 分册: | ||
| 出版信息: | 北京 人民邮电出版社 2021.02 |
|
| 页数: | 262页 | |
| 开本: | 26cm | |
| 丛书名: | 教育部高等学校软件工程专业教学指导委员会软件工程专业系列教材 | |
| 单 册: | ||
| 中图分类: | TP311.561 | |
| 科图分类: | ||
| 主题词: | 软件工具--ruan jian gong ju--程序设计--高等学校--教材 | |
| 电子资源: | ||
| ISBN: | 978-7-115-53021-9 | |
| 000 | 01572nam 2200325 450 | |
| 001 | CAL 0120217117538 | |
| 005 | 20210303134559.9 | |
| 010 | @a978-7-115-53021-9@dCNY59.80 | |
| 100 | @a20210303d2021 em y0chiy0120 ea | |
| 101 | 0 | @achi |
| 102 | @aCN@b110000 | |
| 105 | @aa z 000yy | |
| 106 | @ar | |
| 200 | 1 | @aPython程序设计@APython cheng xu she ji@f肖朝晖, 李春忠, 李海强主编 |
| 210 | @a北京@c人民邮电出版社@d2021.02 | |
| 215 | @a262页@c图@d26cm | |
| 225 | 2 | @a教育部高等学校软件工程专业教学指导委员会软件工程专业系列教材@Ajiao yu bu gao deng xue xiao ruan jian gong cheng zhuan ye jiao xue zhi dao wei yuan hui ruan jian gong cheng zhuan ye xi lie jiao cai |
| 225 | 2 | @a信息技术人才培养系列规划教材@Axin xi ji shu ren cai pei yang xi lie gui hua jiao cai |
| 300 | @a慕课版 | |
| 330 | @a本书内容: 第1章Python简介 ; 第2章Python程序基础语法 ; 第3章程序的控制结构 ; 第4章列表和元祖 ; 第5章字典和集合 ; 第6章字符串及正则表达式 ; 第7章函数 ; 第8章模块 ; 第9章面向对象程序设计 ; 第10章文件与文件夹操作 ; 第11章异常处理与程序调试 ; 第12章Pygame ; 第13章网络爬虫 ; 第14章综合实例 ; 第15章课程设计。 | |
| 410 | 0 | @12001 @a教育部高等学校软件工程专业教学指导委员会软件工程专业系列教材 |
| 410 | 0 | @12001 @a信息技术人才培养系列规划教材 |
| 606 | 0 | @a软件工具@Aruan jian gong ju@x程序设计@x高等学校@j教材 |
| 610 | 0 | @aPython |
| 690 | @aTP311.561@v5 | |
| 701 | 0 | @a肖朝晖@Axiao zhao hui@4主编 |
| 701 | 0 | @a李春忠@Ali chun zhong@4主编 |
| 701 | 0 | @a李海强@Ali hai qiang@4主编 |
| 801 | 0 | @aCN@b人天书店@c20210303 |
| 905 | @aTSG@b0000213@dTP311.561@eX291@f2 | |
| Python程序设计/肖朝晖, 李春忠, 李海强主编.-北京:人民邮电出版社,2021.02 |
| 262页:图;26cm.-(教育部高等学校软件工程专业教学指导委员会软件工程专业系列教材).-(信息技术人才培养系列规划教材) |
| 慕课版 |
| ISBN 978-7-115-53021-9:CNY59.80 |
| 本书内容: 第1章Python简介 ; 第2章Python程序基础语法 ; 第3章程序的控制结构 ; 第4章列表和元祖 ; 第5章字典和集合 ; 第6章字符串及正则表达式 ; 第7章函数 ; 第8章模块 ; 第9章面向对象程序设计 ; 第10章文件与文件夹操作 ; 第11章异常处理与程序调试 ; 第12章Pygame ; 第13章网络爬虫 ; 第14章综合实例 ; 第15章课程设计。 |
| ● |
| 相关链接 |
|
|
|
正题名:Python程序设计
索取号:TP311.561/X291
 
预约/预借
| 序号 | 登录号 | 条形码 | 馆藏地/架位号 | 状态 | 备注 |
| 1 | 1537509 | 215375092 | 自科库301/301自科库 51排5列1层/ [索取号:TP311.561/X291] | 在馆 | |
| 2 | 1537510 | 215375109 | 自科库301/301自科库 51排5列1层/ [索取号:TP311.561/X291] | 在馆 |